Quiz o Polsce - Statystyki

Ogólne statystyki
  • Ten quiz został rozwiązany 133 046 razy
  • Średni wynik to 15 z 20
Statystyki odpowiedzi
Wskazówka Odpowiedź % Poprawnych
Stolica Warszawa
100%
Najdłuższa rzeka Wisła
96%
Drugie miasto pod względem liczby ludności Kraków
95%
Morze na północnym krańcu Polski Morze Bałtyckie
92%
Nazwa po angielsku Poland
92%
Waluta Złoty
91%
Twórca heliocentrycznej teorii Układu Słonecznego Mikołaj Kopernik
87%
Rzeka na granicy polsko-niemieckiej Odra | Nysa Łużycka
86%
Jedyny polski papież Jan Paweł II
85%
Odkrywczyni radu i pierwsza kobieta, która wygrała Nagrodę Nobla Maria Skłodowska Curie
85%
Główne miasto Górnego Śląska Katowice
78%
Dawne wolne miasto przemianowane przez Niemców na Danzig Gdańsk
75%
Wirtuoz pianina, twórca m.in. "Nokturny op. 9" Fryderyk Chopin
72%
Wypieki jedzone w czwartek przed Wielkim Postem Pączki
72%
Wyroby z ciasta z farszem, np. z kapustą i grzybami czy serem Pierogi
71%
Lider powyższego związku i prezydent Polski w latach 1990-95 Lech Wałęsa
68%
Związek zawodowy, który sprzeciwiał sie Sowietom Solidarność
56%
Ostatni król Polski Stanisław II August
53%
Twórca filmu "Pianista" Roman Polański
31%
Dzikie bydło, wyginęło w 1627, z wyglądu podobny do byka Tur
29%
Nie znaleziono quizów pasujących do podanych kryteriów
Rozkład punktacji
Procent ludzi z każdym wynikiem
Percentyl według liczby udzielonych odpowiedzi
Twoja historia wyników
Nie rozwiązałeś tego quizu